Skip to content
VuFind
All Fields
Title
Author
Subject
Call Number
ISBN/ISSN
Tag
Find
Advanced
Famous classic tales
Cite this
Print
Export Record
Export to RefWorks
Export to EndNoteWeb
Export to EndNote
Export to MARC
Famous classic tales
Bibliographic Details
Format:
Book
Holdings
Description
Similar Items
Staff View
MARC
LEADER
00000cam a2200000 7i4500
001
0000009191
002
000010009
005
20000330.0
020
|a
T000000748
090
0
0
|a
JF
|b
HOU
245
1
0
|a
Famous classic tales
999
|a
048219
|b
BUKU
|c
PINJAMAN
|e
PERPUSTAKAAN KOMUNITI PETALING JAYA
Similar Items
Famous Classic Tales
World famous folk tales
World famous folk tales
Published: (1992)
World famous fairy tales
Published: (1992)
Five famous fairy tales
Published: (2001)